Detalles MARC
| 000 -LEADER |
| fixed length control field |
02737nam a2200457 i 4500 |
| 001 - CONTROL NUMBER |
| control field |
DIGSIMONP0003 |
| 003 - CONTROL NUMBER IDENTIFIER |
| control field |
NyNyDIG |
| 008 - FIXED-LENGTH DATA ELEMENTS--GENERAL INFORMATION |
| fixed length control field |
200824s2016 bo a o 000 0 spa d |
| 006 - FIXED-LENGTH DATA ELEMENTS--ADDITIONAL MATERIAL CHARACTERISTICS |
| fixed length control field |
m o d |
| 007 - PHYSICAL DESCRIPTION FIXED FIELD--GENERAL INFORMATION |
| fixed length control field |
cr ||||||||||| |
| 035 ## - SYSTEM CONTROL NUMBER |
| System control number |
(OCoLC)1226751601 |
| 040 ## - CATALOGING SOURCE |
| Original cataloging agency |
DGITA |
| Language of cataloging |
eng |
| Description conventions |
rda |
| -- |
pn |
| Transcribing agency |
DGITA |
| 020 ## - INTERNATIONAL STANDARD BOOK NUMBER |
| Canceled/invalid ISBN |
9789997461414 |
| 020 ## - INTERNATIONAL STANDARD BOOK NUMBER |
| Canceled/invalid ISBN |
999746141X |
| 043 ## - GEOGRAPHIC AREA CODE |
| Geographic area code |
s-bo--- |
| 050 14 - LIBRARY OF CONGRESS CALL NUMBER |
| Classification number |
NK1432.A1 ebook |
| 245 00 - TITLE STATEMENT |
| Title |
Bolivia lenguajes gráficos. |
| Number of part/section of a work |
Tomo tres / |
| Statement of responsibility, etc. |
dirección del proyecto, Michela Pentamalli ; equipo de investigación y curaduría, Michela Pentimalli, María Isabel Álvarez Plata, Jacqueline Calatayud, Rodny Montoya ; coordinación, María Isabel Álvarez Plata. |
| 264 #1 - PRODUCTION, PUBLICATION, DISTRIBUTION, MANUFACTURE, AND COPYRIGHT NOTICE |
| Place of production, publication, distribution, manufacture |
[Cochabamba, Bolivia] : |
| Name of producer, publisher, distributor, manufacturer |
Fundación Simón I. Patiño, |
| Date of production, publication, distribution, manufacture, or copyright notice |
[2016] |
| 300 ## - PHYSICAL DESCRIPTION |
| Extent |
1 online resource : |
| Other physical details |
illustrations (some color) |
| 336 ## - CONTENT TYPE |
| Content type term |
text |
| Content type code |
txt |
| Source |
rdacontent |
| 337 ## - MEDIA TYPE |
| Media type term |
computer |
| Media type code |
c |
| Source |
rdamedia |
| 338 ## - CARRIER TYPE |
| Carrier type term |
online resource |
| Carrier type code |
cr |
| Source |
rdacarrier |
| 347 ## - DIGITAL FILE CHARACTERISTICS |
| File type |
text file |
| Source |
rdaft |
| 347 ## - DIGITAL FILE CHARACTERISTICS |
| Encoding format |
PDF |
| 505 0# - FORMATTED CONTENTS NOTE |
| Formatted contents note |
Pequeños retratos para intercambiar : la foto-tarjeta de visita y el coleccionismo fotográfico en el siglo XIX / Miriam Vargas Solíz -- La revolución de la imagen : los libros ilustrados con fotografías / Pedro Querejazu -- Fotografía : la avidez de la mirada / Michela Pentimalli -- Comunicar, informar, seducir : revistas 1852-1970 / Michela Pentimalli -- Pasiones ilutradas : las tarjetas postales / Michela Pentimalli -- Carteles en la historia : 1860-1980 / María Isabel Álvarez Plata -- La música por el forro : los discos de vinilo y sus portadas / Sergio Calero -- Los colores de la fiesta : propuestas gráficas emergentes / Jaqueline Calatayud -- Impresiones para repartir : estampitas, invitaciones, programas / Michela Pentimalli -- Diseño gráfico en Bolivia / Fernando Navia. |
| 588 0# - SOURCE OF DESCRIPTION NOTE |
| Source of description note |
Online resource; title from PDF title page (Digitalia, viewed August 24, 2020) |
| 650 #0 - SUBJECT ADDED ENTRY--TOPICAL TERM |
| Topical term or geographic name entry element |
Graphic arts |
| Geographic subdivision |
Bolivia |
| General subdivision |
Themes, motives. |
| 650 #0 - SUBJECT ADDED ENTRY--TOPICAL TERM |
| Topical term or geographic name entry element |
Visual communication |
| Geographic subdivision |
Bolivia. |
| 651 #0 - SUBJECT ADDED ENTRY--GEOGRAPHIC NAME |
| Geographic name |
Bolivia |
| General subdivision |
Civilization. |
| 655 #0 - INDEX TERM--GENRE/FORM |
| Genre/form data or focus term |
Electronic books. |
| 700 1# - ADDED ENTRY--PERSONAL NAME |
| Personal name |
Pentimalli, Michela, |
| Relator term |
editor, |
| -- |
author. |
| 700 1# - ADDED ENTRY--PERSONAL NAME |
| Personal name |
Alvarez Plata, Marisabel, |
| Relator term |
editor, |
| -- |
author. |
| 700 1# - ADDED ENTRY--PERSONAL NAME |
| Personal name |
Calatayud, Jacqueline, |
| Relator term |
editor, |
| -- |
author. |
| 700 1# - ADDED ENTRY--PERSONAL NAME |
| Personal name |
Montoya Rojas, Rodny, |
| Dates associated with a name |
1981- |
| Relator term |
editor, |
| -- |
author. |
| 791 2# - |
| -- |
Digitalia (Firm), |
| -- |
distributor. |
| 793 0# - |
| -- |
Digitalia eBook Collection: |
| -- |
Fundación Simón I. Patiño |
| 776 08 - ADDITIONAL PHYSICAL FORM ENTRY |
| Relationship information |
Print version: |
| Title |
Bolivialenguajes gráficos. Tomo tres. |
| Place, publisher, and date of publication |
[Cochabamba, Bolivia] : Fundación Simón I. Patiño, [2016] |
| International Standard Book Number |
9789997461414 |
| 856 40 - ELECTRONIC LOCATION AND ACCESS |
| Materials specified |
Digitalia Hispánica |
| Uniform Resource Identifier |
<a href="https://www.digitaliapublishing.com/a/52049/">https://www.digitaliapublishing.com/a/52049/</a> |
| 910 ## - USER-OPTION DATA (OCLC) |
| User-option data |
Premium collection: 2020 |
| 942 ## - ADDED ENTRY ELEMENTS (KOHA) |
| Koha item type |
Recurso Electrónico |